Statistics for Songs with Colors in the Title

Click here to take the quiz!

General Stats

  • This quiz has been taken 38,151 times
    (25,137 since last reset)
  • The average score is 10 of 22

Answer Stats

ClueSong% Correct
The Beatles + YellowYellow Submarine
94%
Prince + PurplePurple Rain
92%
Bing Crosby + WhiteWhite Christmas
72%
Kanye West + GoldGold Digger
66%
Van Morrison + BrownBrown Eyed Girl
60%
Jimi Hendrix + PurplePurple Haze
60%
UB40 + RedRed Red Wine
56%
White + Billy IdolWhite Wedding
55%
Black + Amy WinehouseBack to Black
51%
The Rolling Stones + BlackPaint it Black
50%
Yellow + Elton JohnGoodbye Yellow Brick Road
46%
The Rolling Stones + BrownBrown Sugar
45%
Santana + BlackBlack Magic Woman
36%
Green + Kermit the FrogBein' Green
35%
Soundgarden + BlackBlack Hole Sun
35%
Jefferson Airplane + WhiteWhite Rabbit
33%
Prince + RedLittle Red Corvette
32%
Moody Blues + WhiteNights in White Satin
26%
The Who + BlueBehind Blue Eyes
23%
R.E.M. + OrangeOrange Crush
23%
Jim Croce + BrownBad, Bad, Leroy Brown
22%
Blue + George GershwinRhapsody in Blue
22%

Score Distribution

Percentile by Number Answered

Percent of People with Each Score

Your Score History

You have not taken this quiz since the last reset